00513nam a22001817a 4500008004100000020001500041050002600056100001900082245006000101250001200161260002600173300001500199650002500214650003000239650002500269700001700294700002000311210531b xxu||||| |||| 00| 0 eng d a1119494577 aHF5681b.Y68 2019 c.1 aYoung S. David aCorporate Financial Reporting Analysis cS. David Young a4th ed. aHobokenbWiley c2019 axiv, 354p. aFinancial satements  aCorporations vaccounting aCorporationvreports aCohen, Jacob aBens, Daniel A.